| 000 | 00571nam a2200169 4500 | ||
|---|---|---|---|
| 020 | _a0805358220 | ||
| 050 | 0 | 0 |
_aQD474 _b.L36 1974 |
| 100 | 1 |
_aLangford, Cooper Harold, _d1934- |
|
| 245 | 1 | 0 |
_aLigand substitution processes _c[by] Cooper H. Langford [and] Harry B. Gray. |
| 250 | _a[2d print., with corrections] | ||
| 260 |
_aReading, Mass., _bW. A. Benjamin, _c1966 [i.e. 1974] |
||
| 300 | _aviii, 111 p. | ||
| 500 | _aindexed,ill | ||
| 650 | 0 | _bCoordination compounds, substitution reactions , Ligands , Chemical reactions | |
| 700 | 1 | _aGray, Harry B., | |
| 942 | _cGEN | ||
| 999 |
_c2076 _d2076 |
||